[Event "GAMMA Reykjavik Open 2019"]
[Site "Reykjavik ISL"]
[Date "2019.04.15"]
[Round "8.25"]
[White "Alashtar, Aasef"]
[Black "Low, Zhen Yu Cyrus"]
[Result "0-1"]
[BlackTitle "IM"]
[WhiteElo "1905"]
[BlackElo "2418"]
[WhiteFideId "7600607"]
[BlackFideId "5804175"]
[EventDate "2019.04.08"]

1. Nf3 g6 2. d4 Nf6 3. g3 Bg7 4. Bg2 d5 5. O-O O-O 6. c4 dxc4 7. Ne5 c5 8. dxc5
Qc7 9. Nxc4 Qxc5 10. Nba3 Nc6 11. Be3 Qh5 12. f3 b5 13. g4 Bxg4 14. fxg4 Nxg4
15. h3 Nxe3 16. Nxe3 Rad8 17. Qe1 Bxb2 18. Nac2 Bxa1 19. Qxa1 Qc5 20. Bxc6 Qxc6
21. Rf2 f6 22. Qb2 Rd2 23. Qb3+ Kg7 24. h4 Rc8 25. Qb4 Qd6 26. Qg4 Rc5 27. Ne1
Qd4 28. Qg3 Re5 29. N1g2 Rxa2 30. Kh2 Qd6 31. Nf4 Ra3 32. Rf3 Raxe3 33. Rxe3
Rxe3 34. Qxe3 g5 35. hxg5 fxg5 36. Qc3+ Kf7 37. Qb3+ e6 38. Qxb5 Qxf4+ 39. Kg2
Qe4+ 40. Kg3 Kf6 41. Qa6 Qe3+ 42. Kg2 h5 43. Qa1+ Qe5 44. Qf1+ Kg7 45. Qf3 h4
46. Qb7+ Kh6 47. Kf1 Qf4+ 48. Ke1 h3 49. Qc8 Qf6 50. Qc7 Qa1+ 51. Kd2 Qd4+ 52.
Kc2 Qe4+ 53. Kd1 Qh1+ 54. Kd2 h2 55. Qf7 Qd5+ 0-1

[Event "GAMMA Reykjavik Open 2019"]
[Site "Reykjavik ISL"]
[Date "2019.04.15"]
[Round "8.26"]
[White "Yoo, Christopher Woojin"]
[Black "Bewersdorff, Oliver"]
[Result "1-0"]
[WhiteTitle "IM"]
[BlackTitle "FM"]
[WhiteElo "2414"]
[BlackElo "2261"]
[WhiteFideId "30909694"]
[BlackFideId "4602897"]
[EventDate "2019.04.08"]

1. e4 c5 2. Nf3 Nc6 3. d4 cxd4 4. Nxd4 Nf6 5. Nc3 e5 6. Ndb5 d6 7. Bg5 a6 8. Na3
b5 9. Nd5 Be7 10. Bxf6 Bxf6 11. c3 Rb8 12. Nc2 Bg5 13. a4 bxa4 14. Ncb4 Nxb4 15.
cxb4 O-O 16. Qxa4 Be6 17. Bxa6 Bxd5 18. exd5 Qb6 19. b5 Be3 20. O-O Bd4 21. Rac1
Qd8 22. Rc6 Bb6 23. Qa3 Bc5 24. b4 Bb6 25. Qg3 Qf6 26. Qg4 g6 27. g3 Qe7 28. Qh4
Qxh4 29. gxh4 Rfd8 30. Rfc1 h5 31. Kf1 Kf8 32. f3 Ke7 33. Ke2 Kf6 34. R1c4 Ke7
35. Kd3 f5 36. Bc8 Kf6 37. Be6 Ke7 38. Rc2 Rf8 39. Ra2 Bd4 40. Raa6 Rxb5 41.
Rc7+ Kf6 42. Rxd6 Rb6 43. Rd8 1-0

[Event "GAMMA Reykjavik Open 2019"]
[Site "Reykjavik ISL"]
[Date "2019.04.15"]
[Round "8.27"]
[White "Ragnarsson, Dagur"]
[Black "Bentel, Robin"]
[Result "1-0"]
[WhiteTitle "FM"]
[WhiteElo "2380"]
[BlackElo "2130"]
[WhiteFideId "2304058"]
[BlackFideId "12918016"]
[EventDate "2019.04.08"]

1. d4 Nf6 2. c4 g6 3. Nc3 Bg7 4. e4 d6 5. h3 O-O 6. Bg5 c5 7. d5 e6 8. Bd3 exd5
9. cxd5 a6 10. a4 Qc7 11. Nge2 Nbd7 12. O-O Rb8 13. Rc1 Ne5 14. Bb1 h6 15. Be3
b5 16. axb5 axb5 17. b4 Nc4 18. Bf4 cxb4 19. Na2 g5 20. Be3 g4 21. h4 Nd7 22.
Nxb4 Nde5 23. Bf4 Qe7 24. Bg3 Bd7 25. Nd4 Qf6 26. Nf5 Ra8 27. Nc6 Bxf5 28. exf5
h5 29. Re1 Ra3 30. Be4 Bh6 31. Rb1 Nd2 32. Nxe5 dxe5 33. Rxb5 Rc8 34. Bb1 Qa6
35. Rb2 Nc4 36. Rb3 Bf4 37. Bxf4 exf4 38. Bd3 Qd6 39. Bxc4 Rxc4 40. Rxa3 Qxa3
41. d6 Qa5 42. d7 Rd4 43. Re8+ Kh7 44. Rh8+ Kxh8 45. Qxd4+ Kh7 46. d8=Q Qe1+ 47.
Kh2 g3+ 48. fxg3 Qxg3+ 49. Kh1 1-0

[Event "GAMMA Reykjavik Open 2019"]
[Site "Reykjavik ISL"]
[Date "2019.04.15"]
[Round "8.28"]
[White "Lagarde, Maxime"]
[Black "Giacomini, Hector"]
[Result "1-0"]
[WhiteTitle "GM"]
[WhiteElo "2612"]
[BlackElo "2167"]
[WhiteFideId "662399"]
[BlackFideId "605352"]
[EventDate "2019.04.08"]

1. b3 d5 2. Bb2 e6 3. e3 Nf6 4. f4 Be7 5. Nf3 O-O 6. Bd3 c5 7. O-O Nc6 8. Ne5
Bd7 9. Nc3 Nb4 10. Ne2 Nxd3 11. cxd3 Bb5 12. Ng3 g6 13. Rf3 Nd7 14. Ng4 f6 15.
e4 d4 16. f5 exf5 17. exf5 Bc6 18. Ne4 Ne5 19. Nxe5 fxe5 20. fxg6 hxg6 21. Rg3
Bxe4 22. dxe4 Qd6 23. Qh5 Kg7 24. d3 Rh8 25. Qe2 Raf8 26. Rg4 Qe6 27. Bc1 Rf7
28. Bd2 Rhf8 29. h3 Qa6 30. Be1 Rf1+ 31. Kh2 R8f2 32. Bxf2 Rxa1 33. Bg3 Bf6 34.
Qf2 Qe6 35. Qb2 Rf1 36. Qa3 Qb6 37. Qa4 Qc6 38. Qxa7 Qc7 39. Qa8 Qe7 40. Qc8 Kh7
41. h4 b5 42. Qc6 c4 43. dxc4 bxc4 44. bxc4 Rd1 45. Qd5 d3 46. Bf2 Kg7 47. h5 g5
48. Rg3 Qd8 49. Qb7+ Qe7 50. Qb3 Rd2 51. Be3 Re2 52. Qxd3 Rxa2 53. Qf1 Kh6 54.
Qf5 Qg7 55. Qe6 Ra8 56. Bxg5+ 1-0

[Event "GAMMA Reykjavik Open 2019"]
[Site "Reykjavik ISL"]
[Date "2019.04.15"]
[Round "8.29"]
[White "Bjornsson, Tomas"]
[Black "Cornette, Matthieu"]
[Result "0-1"]
[WhiteTitle "FM"]
[BlackTitle "GM"]
[WhiteElo "2156"]
[BlackElo "2556"]
[WhiteFideId "2300303"]
[BlackFideId "620084"]
[EventDate "2019.04.08"]

1. e4 c5 2. Nf3 Nc6 3. d4 cxd4 4. Nxd4 e5 5. Nb5 d6 6. N1c3 a6 7. Na3 b5 8. Nd5
Nge7 9. Nxe7 Bxe7 10. Be2 O-O 11. O-O Be6 12. c4 b4 13. Nc2 Rc8 14. b3 Bg5 15.
Bg4 Bxc1 16. Bxe6 fxe6 17. Rxc1 a5 18. Qd2 Qf6 19. f3 Rfd8 20. Rcd1 Qe7 21. Qf2
Qc7 22. Rd3 Nb8 23. Rfd1 Na6 24. Qd2 Qb6+ 25. Qe3 Nc5 26. R3d2 Rc6 27. Ne1 a4
28. Kh1 axb3 29. axb3 Ra8 30. Rb1 h6 31. h3 Ra3 32. Nc2 Ra6 33. Ne1 Qa7 34. Nc2
Rcb6 35. f4 exf4 36. Qxf4 Qf7 37. Qe3 Qg6 38. Re2 Ra2 39. Qd4 e5 40. Qd5+ Kh7
41. Ra1 Rxa1+ 42. Nxa1 Ra6 43. Nc2 Ra2 44. Kh2 Rb2 45. Nd4 Rxe2 46. Nxe2 Nxb3
47. Ng3 Nc5 48. Nf5 b3 49. Ne7 Qe6 0-1

[Event "GAMMA Reykjavik Open 2019"]
[Site "Reykjavik ISL"]
[Date "2019.04.15"]
[Round "8.30"]
[White "Laustsen, Lars"]
[Black "Hambleton, Aman"]
[Result "0-1"]
[BlackTitle "GM"]
[WhiteElo "2155"]
[BlackElo "2484"]
[WhiteFideId "1407554"]
[BlackFideId "2606577"]
[EventDate "2019.04.08"]

1. d4 e5 2. dxe5 Nc6 3. Nf3 Qe7 4. Nc3 Nxe5 5. Nd5 Nxf3+ 6. gxf3 Qd8 7. Bf4 d6
8. e4 Nf6 9. Bg5 Be7 10. Nxe7 Qxe7 11. Qd4 Qe5 12. Qxe5+ dxe5 13. Bc4 Ke7 14. f4
h6 15. Bxf6+ gxf6 16. f5 Bd7 17. O-O-O Rad8 18. Rhg1 Rhg8 19. b4 Bc6 20. f3
Rxd1+ 21. Rxd1 h5 22. Bf1 Rg1 23. b5 Bd7 24. a4 h4 25. c4 Rh1 26. h3 b6 27. Bg2
Rxd1+ 28. Kxd1 Kd6 29. Kd2 Kc5 30. Kc3 Bc8 31. Bf1 Bb7 32. Bd3 c6 33. Bc2 Bc8
34. Bd3 a6 35. bxc6 Kxc6 36. Kb4 Bb7 37. Be2 Kd6 38. Bd1 Bc6 39. Kc3 Kc5 40. Bb3
Be8 41. Bc2 Bc6 42. Bb3 b5 43. cxb5 axb5 44. axb5 Bxb5 45. Bxf7 Bf1 46. Bh5 Bxh3
47. Kd2 Bxf5 48. exf5 h3 0-1

[Event "GAMMA Reykjavik Open 2019"]
[Site "Reykjavik ISL"]
[Date "2019.04.15"]
[Round "8.31"]
[White "Abrahams, Daniel"]
[Black "Thorfinnsson, Bjorn"]
[Result "1/2-1/2"]
[BlackTitle "IM"]
[WhiteElo "2143"]
[BlackElo "2399"]
[WhiteFideId "2606879"]
[BlackFideId "2300982"]
[EventDate "2019.04.08"]

1. Nf3 d5 2. g3 c6 3. Bg2 Nf6 4. c4 Bf5 5. O-O e6 6. cxd5 exd5 7. d3 Be7 8. Qb3
Qb6 9. Qc2 Nbd7 10. Nc3 h6 11. e4 dxe4 12. dxe4 Bh7 13. Be3 Qa6 14. Rfe1 O-O 15.
Rad1 Bb4 16. Nd4 Rad8 17. a3 Bxc3 18. Qxc3 Bxe4 19. Bxh6 c5 20. Bxg7 Kxg7 21.
Rxe4 cxd4 22. Rexd4 Qe6 23. Re1 Rc8 24. Qd2 Qf5 25. Rf4 Qg6 26. Be4 Nxe4 27.
Rexe4 Nf6 28. Qd4 Rfe8 29. f3 Rxe4 30. fxe4 Rc1+ 31. Kg2 Rc2+ 32. Kg1 Qh6 33. h3
Rc1+ 34. Kg2 Rc2+ 35. Kg1 Rc1+ 36. Kg2 Rc2+ 37. Kg1 1/2-1/2

[Event "GAMMA Reykjavik Open 2019"]
[Site "Reykjavik ISL"]
[Date "2019.04.16"]
[Round "9.3"]
[White "Brunello, Sabino"]
[Black "Grandelius, Nils"]
[Result "0-1"]
[WhiteTitle "GM"]
[BlackTitle "GM"]
[WhiteElo "2534"]
[BlackElo "2687"]
[WhiteFideId "813613"]
[BlackFideId "1710400"]
[EventDate "2019.04.08"]

1. d4 Nf6 2. c4 g6 3. Nc3 d5 4. Bg5 Ne4 5. Bh4 Nxc3 6. bxc3 dxc4 7. e3 Be6 8.
Nh3 Bh6 9. Bg5 Bxg5 10. Nxg5 Bd5 11. e4 h6 12. exd5 hxg5 13. Bxc4 Nd7 14. Qg4
Nb6 15. Bb3 Qd6 16. Qxg5 O-O-O 17. h4 Rh5 18. Qg3 Qf6 19. Qg4+ Kb8 20. g3 Nxd5
21. Bxd5 Rhxd5 22. O-O g5 23. hxg5 Rxg5 24. Qe4 Rdg8 25. Kg2 Rg4 26. Qe3 Qd6 27.
Rh1 f5 28. Rh6 Qd8 29. Qf3 f4 30. Rh3 a6 31. Re1 fxg3 32. Rxg3 R4g6 33. Qf7
Rxg3+ 34. fxg3 Rf8 35. Qe6 Rf6 36. Qe4 Qg8 37. Qxe7 Qxa2+ 38. Re2 Qd5+ 39. Qe4
Qc4 40. Qe5 Rb6 41. d5 a5 42. Re4 Rb2+ 43. Kh3 Qf1+ 44. Kg4 Rh2 45. Kg5 Qf3 46.
Rh4 Re2 47. Qh8+ Ka7 48. Qd4+ b6 49. g4 Re4 50. Qf6 Qd3 51. Qf5 Qe3+ 52. Kg6 Re5
53. Rh3 Qxh3 54. Qxe5 Qxg4+ 55. Kf6 Qc4 56. Ke7 a4 57. Kd8 Kb7 58. Qe6 a3 59.
Qc8+ Ka7 60. d6 Qg8+ 61. Kxc7 Qxc8+ 62. Kxc8 a2 63. d7 a1=Q 64. d8=Q Qxc3+ 0-1

[Event "GAMMA Reykjavik Open 2019"]
[Site "Reykjavik ISL"]
[Date "2019.04.16"]
[Round "9.6"]
[White "Tari, Aryan"]
[Black "Sadzikowski, Daniel"]
[Result "1-0"]
[WhiteTitle "GM"]
[BlackTitle "GM"]
[WhiteElo "2615"]
[BlackElo "2523"]
[WhiteFideId "1510045"]
[BlackFideId "1132253"]
[EventDate "2019.04.08"]

1. e4 c6 2. d4 d5 3. e5 c5 4. dxc5 e6 5. a3 Bxc5 6. Qg4 Ne7 7. Nf3 O-O 8. Bd3 f5
9. Qg3 Nbc6 10. O-O Ng6 11. b4 Be7 12. Bb2 a6 13. Nbd2 b5 14. Nb3 Bd7 15. Nbd4
Nxd4 16. Bxd4 Rf7 17. Nd2 f4 18. Qg4 Nh4 19. Nf3 Nxf3+ 20. Qxf3 a5 21. a4 bxa4
22. b5 a3 23. c4 dxc4 24. Bxc4 Bb4 25. Rfd1 Qe8 26. b6 Rb8 27. Ba2 Bc6 28. Qg4
Re7 29. Qxf4 Rd7 30. Rdc1 Bd5 31. Bxd5 Rxd5 32. Be3 Rb7 33. h4 Qd7 34. h5 h6 35.
Qe4 Bd2 36. Bxd2 Rxd2 37. Rxa3 Rd1+ 38. Rxd1 Qd6 39. Rd2 Qxd2 40. Kh2 Qd1 41.
Qg6 Rxb6 42. f4 Qd5 43. Rxa5 Rb3 1-0

[Event "GAMMA Reykjavik Open 2019"]
[Site "Reykjavik ISL"]
[Date "2019.04.16"]
[Round "9.7"]
[White "Petrosian, Tigran L."]
[Black "Libiszewski, Fabien"]
[Result "1-0"]
[WhiteTitle "GM"]
[BlackTitle "GM"]
[WhiteElo "2605"]
[BlackElo "2488"]
[WhiteFideId "13301616"]
[BlackFideId "616834"]
[EventDate "2019.04.08"]

1. e4 e6 2. Qe2 d5 3. exd5 Qxd5 4. Nc3 Qd8 5. Nf3 c5 6. Ne5 Nd7 7. Nc4 Nb6 8. g3
Nxc4 9. Qxc4 Bd7 10. Bg2 Qc8 11. O-O Bc6 12. Ne4 Be7 13. b3 Nf6 14. Bb2 Nxe4 15.
Bxe4 Bf6 16. Bxf6 gxf6 17. Rfe1 Bxe4 18. Rxe4 Qc6 19. Rae1 O-O-O 20. d3 h5 21.
b4 Rd5 22. b5 Qd6 23. a4 f5 24. Qc3 Rd4 25. Re5 b6 26. a5 h4 27. axb6 axb6 28.
Qa3 h3 29. Qa6+ Kd7 30. Rxf5 exf5 31. Qb7+ Qc7 32. Re7+ Kxe7 33. Qxc7+ Kf8 34.
Qxb6 Ra4 35. Qd8+ Kg7 36. Qg5+ Kf8 37. Kf1 Rb4 38. b6 Rg8 39. Qxf5 Rb1+ 40. Ke2
Rg6 41. Qxc5+ Kg7 42. Qe5+ Kg8 43. Qf5 1-0

[Event "GAMMA Reykjavik Open 2019"]
[Site "Reykjavik ISL"]
[Date "2019.04.16"]
[Round "9.8"]
[White "Prithu, Gupta"]
[Black "Gupta, Abhijeet"]
[Result "0-1"]
[WhiteTitle "IM"]
[BlackTitle "GM"]
[WhiteElo "2478"]
[BlackElo "2602"]
[WhiteFideId "46618546"]
[BlackFideId "5010608"]
[EventDate "2019.04.08"]

1. e4 c5 2. Nc3 d6 3. f4 Nc6 4. Nf3 g6 5. Bc4 Bg7 6. O-O e6 7. d4 cxd4 8. Nb5
Nge7 9. Bb3 Na5 10. Nbxd4 Nxb3 11. axb3 e5 12. Ne2 O-O 13. Nc3 b5 14. fxe5 Qb6+
15. Qd4 Qxd4+ 16. Nxd4 b4 17. Nd5 Nxd5 18. exd5 Bb7 19. Nc6 Bxc6 20. dxc6 Bxe5
21. Bf4 Bd4+ 22. Kh1 Rfc8 23. Rfd1 Bc5 24. Ra6 Rc7 25. Rd5 Bb6 26. Rxd6 Rac8 27.
c4 Rxc6 28. g3 Rc5 29. Be3 Rf5 30. Bxb6 axb6 31. Kg2 b5 32. Rac6 Re8 33. Rd2 Re3
34. Rb6 bxc4 35. bxc4 b3 36. Rf2 Rfe5 37. Rf3 Re2+ 38. Rf2 R5e3 39. Rb7 f5 40.
Kf1 Rc2 41. c5 Rc1+ 42. Kg2 Rxc5 43. Kh3 Rc2 44. Rxb3 Rxf2 45. Rxe3 Rxb2 46. Ra3
Kg7 47. Ra7+ Kh6 48. Ra6 Kg5 49. Ra7 h6 50. Ra6 Rc2 51. Rb6 Ra2 52. Rc6 Rf2 53.
Ra6 Kh5 54. Rf6 Ra2 55. Rb6 Kg5 56. Rc6 h5 57. Rb6 Re2 58. Ra6 h4 59. Rb6 Kh5
60. Rb5 Re3 61. Ra5 Kg5 62. Rb5 Re2 63. Rb6 Re5 64. Ra6 Kh5 65. Rf6 Re3 66. Rf7
Kg5 67. Rf8 Rf3 68. Rf7 hxg3 0-1

[Event "GAMMA Reykjavik Open 2019"]
[Site "Reykjavik ISL"]
[Date "2019.04.16"]
[Round "9.10"]
[White "Movsesian, Sergei"]
[Black "Thorfinnsson, Bragi"]
[Result "1-0"]
[WhiteTitle "GM"]
[BlackTitle "GM"]
[WhiteElo "2637"]
[BlackElo "2436"]
[WhiteFideId "310204"]
[BlackFideId "2300958"]
[EventDate "2019.04.08"]

1. e4 Nc6 2. Nf3 d6 3. d4 Nf6 4. Nc3 g6 5. Bg5 Bg7 6. h3 O-O 7. Bb5 a6 8. Bxc6
bxc6 9. O-O h6 10. Bh4 Nh5 11. Re1 g5 12. Nh2 Nf4 13. Bg3 Rb8 14. Rb1 Ng6 15.
Qh5 e5 16. dxe5 dxe5 17. Qe2 Qe7 18. Red1 Qc5 19. Nf1 Nf4 20. Qe3 Qa5 21. Qf3
Be6 22. Ne3 Bxa2 23. Nxa2 Qxa2 24. b3 Qa3 25. Rd7 a5 26. Nc4 Qc5 27. Ra1 Ra8 28.
Ra4 Ne6 29. Qf5 Nd4 30. Qg4 Nxc2 31. h4 Nd4 32. hxg5 hxg5 33. Qxg5 Ne2+ 34. Kh2
Nxg3 35. Qxg3 Qb5 36. Ne3 Qxb3 37. Qg4 Qe6 38. Nf5 Qf6 39. Ra3 Rfd8 40. Rxc7 Ra6
41. Rg3 1-0

[Event "GAMMA Reykjavik Open 2019"]
[Site "Reykjavik ISL"]
[Date "2019.04.16"]
[Round "9.12"]
[White "Low, Zhen Yu Cyrus"]
[Black "Kanarek, Marcel"]
[Result "1/2-1/2"]
[WhiteTitle "IM"]
[BlackTitle "GM"]
[WhiteElo "2418"]
[BlackElo "2505"]
[WhiteFideId "5804175"]
[BlackFideId "1126822"]
[EventDate "2019.04.08"]

1. e4 c5 2. Nf3 Nc6 3. d4 cxd4 4. Nxd4 e5 5. Nb5 d6 6. c4 Be7 7. N1c3 a6 8. Na3
Be6 9. Nc2 Bg5 10. Be2 Bxc1 11. Rxc1 Nf6 12. O-O O-O 13. b3 Qa5 14. Qd2 b5 15.
b4 Nxb4 16. Nd5 Bxd5 17. exd5 Nc6 18. Qxa5 Nxa5 19. cxb5 axb5 20. Nb4 Rfb8 21.
f4 e4 22. Nc6 Nxc6 23. dxc6 Rxa2 24. Rfd1 d5 25. Bxb5 Ra7 26. g4 Rc7 27. Be2 Rb2
28. Kf1 h5 29. h3 hxg4 30. hxg4 e3 31. Rd3 Rb4 32. Rxe3 Rxf4+ 33. Kg2 Ne4 34.
Bf3 Rf6 35. Bxe4 dxe4 36. Rxe4 Rfxc6 37. Rxc6 Rxc6 38. Ra4 Rc3 39. Ra5 Kh7 40.
Ra6 f6 41. Kf2 Kg6 42. Ra7 Kh6 43. Rb7 Rh3 44. Ra7 Rd3 45. Ra5 Rd7 46. Kf3 Re7
47. Kf4 g5+ 48. Kf3 Rb7 49. Rf5 Rb3+ 50. Kg2 Kg6 51. Rf1 Re3 52. Rf2 Kf7 53. Rf1
Ke6 54. Rf2 Rc3 55. Rf1 Rc6 56. Kg3 Ke5 57. Re1+ Kd4 58. Rd1+ Ke4 59. Re1+ Kd3
60. Kf3 Rc4 61. Rd1+ Kc2 62. Rd6 Rf4+ 63. Kg3 Kc3 64. Rd1 Rd4 65. Rf1 Rd3+ 66.
Kg2 Rd6 67. Rf3+ Kd2 68. Rf2+ Ke3 69. Rf3+ Ke4 70. Rf1 Rd2+ 71. Kg3 Rd3+ 72. Kg2
Ke5 73. Rf5+ Ke6 74. Rf1 Re3 75. Rf2 1/2-1/2

[Event "GAMMA Reykjavik Open 2019"]
[Site "Reykjavik ISL"]
[Date "2019.04.16"]
[Round "9.19"]
[White "Christiansen, Johan-Sebastian"]
[Black "Stefansson, Vignir Vatnar"]
[Result "0-1"]
[WhiteTitle "GM"]
[BlackTitle "FM"]
[WhiteElo "2571"]
[BlackElo "2293"]
[WhiteFideId "1512668"]
[BlackFideId "2308649"]
[EventDate "2019.04.08"]

1. e4 c5 2. Nf3 Nc6 3. Bb5 g6 4. O-O Bg7 5. Re1 Nf6 6. e5 Nd5 7. Nc3 Nc7 8. Bxc6
dxc6 9. Ne4 Ne6 10. d3 O-O 11. Be3 b6 12. Qd2 Re8 13. Bh6 Bh8 14. Ng3 Ng7 15. a3
Nf5 16. Bf4 Nxg3 17. Bxg3 Bg4 18. Ng5 Bf5 19. e6 f6 20. Nf7 Qd5 21. Nh6+ Kf8 22.
Qe3 Bg7 23. Nxf5 Qxf5 24. b4 cxb4 25. axb4 Red8 26. Ra4 Qd5 27. Bc7 Rdc8 28. Bf4
f5 29. Bh6 Rd8 30. b5 Qc5 31. d4 Qxb5 32. c4 f4 33. Qa3 Qf5 34. Bxg7+ Kxg7 35.
Qxe7+ Kh6 36. Qh4+ Kg7 37. Qe7+ Kh6 38. d5 cxd5 39. Qh4+ Kg7 40. e7 Re8 41. cxd5
Qxd5 42. Rxf4 Qd6 43. Rfe4 Qf6 44. Qg4 Rac8 45. Re6 Qf7 46. h4 Rc5 47. Qd4+ Kg8
48. Rf6 Rd5 49. Qc3 Rc5 50. Qf3 Qg7 51. Rf8+ Rxf8 52. e8=Q Rf5 53. Qb3+ 0-1

[Event "GAMMA Reykjavik Open 2019"]
[Site "Reykjavik ISL"]
[Date "2019.04.16"]
[Round "9.26"]
[White "Saduakassova, Dinara"]
[Black "Salles, Louis"]
[Result "1-0"]
[WhiteTitle "IM"]
[BlackTitle "CM"]
[WhiteElo "2461"]
[BlackElo "2221"]
[WhiteFideId "13700090"]
[BlackFideId "20641826"]
[EventDate "2019.04.08"]

1. e4 c5 2. Nf3 d6 3. Bb5+ Nd7 4. O-O Nf6 5. Re1 a6 6. Bf1 b6 7. c4 Bb7 8. Nc3
Ne5 9. d3 e6 10. Be3 Be7 11. d4 cxd4 12. Bxd4 Qc7 13. Rc1 O-O 14. Qe2 Rac8 15.
b3 Qb8 16. Red1 Nxf3+ 17. Qxf3 e5 18. Bxb6 Nxe4 19. Nd5 Bxd5 20. cxd5 Ng5 21.
Qe3 f5 22. Ba7 Rxc1 23. Rxc1 Qe8 24. f3 Qg6 25. Rc7 Bd8 26. Rb7 f4 27. Qd3 e4
28. fxe4 f3 29. g3 Qf6 30. Bd4 f2+ 31. Kh1 Qf3+ 32. Qxf3 Rxf3 33. Rxg7+ Kf8 34.
Kg2 Rf7 35. Rxf7+ Kxf7 36. Kxf2 Nxe4+ 37. Ke3 Nf6 38. Bxf6 Kxf6 39. Bxa6 Ke5 40.
Bb7 h5 41. b4 Bb6+ 42. Kd3 Bg1 43. h3 Bf2 44. g4 h4 45. a4 Kf4 46. Bc8 Be1 47.
Kc4 Bd2 48. a5 Kg3 49. a6 1-0